00553nam a22001457a 4500008004100000040001500041050002700056100002400083245018400107250001200291260004400303300002200347700001700369700002100386161124b xxu||||| |||| 00| 0 eng d aKABUcKABU aHG3751.9b.K46P43 2013 aPedo, Maurice Owino aAn investigation of factors affecting credit information sharing in Kenyaba case of deposit taking savings and credit co-operative societies in Nairobi countycMaurice Owino Pedo a1st ed. aNakuru, KenyabKabarak Universityc2013 axi, 61 p.eCD-ROM aOsiemo, Fred aBichanga, Julius